000 00461nam a2200181Ia 4500
001 16950
005 20260306170349.0
008 260306t2001||||xx |||||||||||||| ||und||
041 _aESP
082 _a657.3
_bS52F
100 _aSierra Molina, Guillermo J.
_eAUT
245 0 _aFundamentos de contabilidad financiera para economistas
260 _c2001
300 _a339 páginas :
_c24 cm.
650 _aGEN
654 _aCCO
942 _cLIB
_dJUS
_fJUS
_2ddc
_n
999 _c16950
_d16950